Gaming Quiz

Random Gaming or Nintendo Quiz

Pokemon - Flying Attacks Quiz Stats

Quiz not verified by Sporcle

Challenge
Share
Tweet
Embed
Score 0/23 Timer 12:00
0 Plays Today
Category Attack % Correct
PhysicalFly
98.1%
PhysicalPeck
95.2%
PhysicalWing Attack
95.2%
SpecialGust
93.3%
PhysicalAerial Ace
92.3%
PhysicalDrill Peck
92.3%
PhysicalSky Attack
91.3%
SpecialAir Cutter
87.5%
PhysicalBrave Bird
87.5%
SpecialAir Slash
86.5%
SpecialAeroblast
85.6%
SpecialHurricane
83.7%
Category Attack % Correct
StatusMirror Move
80.8%
PhysicalAcrobatics
76.9%
StatusFeatherDance
76.9%
PhysicalSky Drop
76.9%
StatusTailwind
76.9%
StatusRoost
73.1%
PhysicalBounce
68.3%
StatusDefog
67.3%
PhysicalPluck
60.6%
SpecialChatter
54.8%
SpecialOblivion Wing
43.2%

You're not logged in!

Compare scores with friends on all Sporcle quizzes.
Sign Up with Email
OR
Log In

You Might Also Like...

Show Comments

Extras

Top Quizzes Today


Score Distribution

Your Account Isn't Verified!

In order to create a playlist on Sporcle, you need to verify the email address you used during registration. Go to your Sporcle Settings to finish the process.